LIBRARY & INFORMATION CENTRE, KCAET, TAVANUR

ONLINE PUBLIC ACCESS CATALOGUE (OPAC)

Elementary Engineering Surveying (Record no. 14516)

MARC details
000 -LEADER
fixed length control field 00310nam a22001217a 4500
020 ## - INTERNATIONAL STANDARD BOOK NUMBER
ISBN 9789380012117
082 ## - DEWEY DECIMAL CLASSIFICATION NUMBER
Classification number 624.1517
Item number GHO/EL
100 ## - MAIN ENTRY--AUTHOR NAME
Personal name Ghosh,Jayanta Kumar
245 ## - TITLE STATEMENT
Title Elementary Engineering Surveying
260 ## - PUBLICATION, DISTRIBUTION, ETC. (IMPRINT)
Place of publication New Delhi
Name of publisher Studium Press (India) Pvt.Ltd
Year of publication 2010
300 ## - PHYSICAL DESCRIPTION
Number of Pages 310
942 ## - ADDED ENTRY ELEMENTS (KOHA)
Koha item type Books
Holdings
Withdrawn status Lost status Damaged status Collection code Home library Current library Shelving location Date acquired Source of acquisition Cost, normal purchase price Full call number Accession Number Koha item type
        KAUAET KAUAET General Stacks 13/07/2016 Researchco Books and Periodicals, New Delhi 495.00 624.1517 GHO/EL 24368 Books
free website counter